| 000 | 00862cam a2200289 4500 | ||
|---|---|---|---|
| 001 | 26501 | ||
| 003 | BD-RjUL | ||
| 005 | 20211209051027.0 | ||
| 008 | 161108s1972 ii b 000 0beng | ||
| 035 | _a(BD-RjUL)26571 | ||
| 040 |
_aDLC _cDLC _dDLC _dBD-RjUL _beng |
||
| 041 | _aeng | ||
| 082 | 0 | 0 |
_a954.0258 _bFAA 1972 |
| 100 | 1 |
_aFaruki, Zahiruddin. _981509 |
|
| 245 | 0 | 0 |
_aAurangzeb & his times / _cZahiruddin Faruki |
| 260 |
_aDelhi : _bIdarah-i Adabiyāt-i Delli, _c1972. |
||
| 300 |
_axx, 596 p. ; _c22 cm. |
||
| 350 | _aRs60.00 | ||
| 490 | 0 | _aIAD oriental series | |
| 500 | _aFirst published in 1935. | ||
| 504 | _aBibliography: p. [583]-596. | ||
| 600 | 0 | 0 |
_aAurangzeb, _cEmperor of Hindustan, _d1618-1707. _9118387 |
| 651 | 0 |
_aMogul Empire. _981511 |
|
| 651 | 0 |
_aIndia _xHistory _y1526-1765. _981512 |
|
| 942 |
_2ddc _cBK |
||
| 999 |
_c26501 _d26501 |
||